000 00815nam a2200229Ia 4500
003 GCL
008 140319s9999 xx 000 0 ara d
020 _a1183832
040 _aGCL /
_cGCL
082 0 4 _a435
_bك ا
100 1 _aكمال هاشم حمود
245 1 0 _aاستعمال قواعد اللغة الالمانية :
_bANWENDUNG DER DEUTSCHEN GRAMMATIK /
_cكمال هاشم حمود
700 1 _aناصر خليل المحمد
700 1 _aاحمد اسعد حمود
250 _aالاولى
260 _aسوريا :
_bدار القلم العربى ،
_c2003
300 _a352 ص ؛
_c24 سم
650 0 4 _aاللغة الالمانية
650 0 4 _aاللغة الالمانية - تعليم وتدريس
650 0 4 _aاللغة الالمانية - قواعد
942 _2ddc
_cBK
999 _c10084
_d10084